Vybrané technológie v distribučných a logistických procesoch
Logistické úlohy a ciele. Náklady ako limitujúci faktor logistických výkonov. Logistický trh. Zmeny v oblasti logistiky. Vybrané technológie v logistike. Technológia zberu dát, informačné technológie, technológie skladovania, prepravné technológie. Vychystávanie pomocou obrazu. Vychystávanie pomocou...
Guardado en:
| Autor principal: | |
|---|---|
| Formato: | Capítulo de libro |
| Lenguaje: | eslovaco |
| Materias: | |
| Etiquetas: |
Sin Etiquetas, Sea el primero en etiquetar este registro!
|
MARC
| LEADER | 00000naa$a2200000$$$4500 | ||
|---|---|---|---|
| 001 | 0225307 | ||
| 005 | 20240502073707.9 | ||
| 041 | 0 | |a slo | |
| 044 | |a SK | ||
| 245 | 1 | 0 | |a Vybrané technológie v distribučných a logistických procesoch |c Ferdinand Daňo |
| 520 | |a Logistické úlohy a ciele. Náklady ako limitujúci faktor logistických výkonov. Logistický trh. Zmeny v oblasti logistiky. Vybrané technológie v logistike. Technológia zberu dát, informačné technológie, technológie skladovania, prepravné technológie. Vychystávanie pomocou obrazu. Vychystávanie pomocou hlasu. Vychystávanie pomocou svetla. Biometrická technológia. | ||
| 610 | 2 | 0 | |a logistika |
| 610 | 2 | 0 | |a technológie informačné |
| 610 | 2 | 0 | |a technológie komunikačné |
| 610 | 2 | 0 | |a systémy informačné logistické |
| 610 | 2 | 0 | |a preprava |
| 610 | 2 | 0 | |a skladovanie |
| 610 | 2 | 0 | |a trh |
| 610 | 2 | 0 | |a náklady |
| 100 | 1 | |a Daňo, Ferdinand, 1959- | |